000 00796nam a2200229Ii 4500
003 JO-AjNU
008 230605s9999||||xx |||||||||||||| ||und||
017 _a1994/7/716
040 _aJO-AjNU
_bara
_erda
_cJO-AjNU
041 _aara
050 1 4 _aG155.J6.S25 1994
100 3 _aسماوي، حابس,
_eauthor
_957673
245 0 0 _aالسياحه والاستجمام في الاردن
250 _aط1
264 3 1 _aعمان: الجنة تاريخ الاردن،1994
300 _a79ص
_b ببليوجرافيا:52-53،صور
336 _atext
_btxt
_2rdacontent
337 _aunmediated
_bn
_2rdamedia
338 _avolume
_bnc
_2rdacarrier
490 0 _aالكتاب الام في تاريخ الاردن
650 4 _aالسياحه-جوانب اقتصاديه-الاردن
_957674
999 _aA25859
_c29427
_d29427